| 000 | 00461nam a2200181Ia 4500 | ||
|---|---|---|---|
| 003 | GCL | ||
| 008 | 140319s9999 xx 000 0 eng d | ||
| 040 |
_aGCL / _cGCL |
||
| 082 | 0 | 4 |
_a791.436538 _bS S |
| 100 | 1 | _aSCREEN | |
| 245 | 1 | 0 |
_aTHE SEXUAL SUBJECT: A SCREEN READER IN SEXUALITY / _cSCREEN |
| 260 |
_a[S.N] : _bROUTLEDGE ، _c1996 |
||
| 300 | _a339 P | ||
| 650 | 0 | 4 | _aSEXUALITY |
| 650 | 0 | 4 | _aARTS |
| 650 | 0 | 4 | _aSEX IN MOTION PICTURES |
| 942 |
_2ddc _cBK |
||
| 999 |
_c16164 _d16164 |
||